|
|
|
|
| LEADER |
00890nam a2200181 a 4500 |
| 008 |
090824s2000 ii a 000 0 eng d |
| 082 |
0 |
4 |
|a 519.40285513
|2 20
|
| 100 |
1 |
|
|a Vasishtha, A. R.
|
| 245 |
1 |
4 |
|a Calculus of finite differences and numerical analysis :
|b a course on numerical methods /
|c A. R. Vasishtha & Vipin Vasishtha.
|
| 260 |
|
|
|a New Delhi. :
|b Kedar nath ram nath,
|c c1992.
|
| 300 |
|
|
|a xiii,446p. :
|b ill. ;
|c 25 cm.
|
| 500 |
|
|
|a for degree, post graduate and engineering students of all Indian Universities.
|
| 541 |
1 |
|
|e 00011800
|
| 650 |
|
0 |
|a Numerical analysis.
|
| 700 |
1 |
|
|a Vasishtha, Vipin.
|
| 852 |
4 |
|
|a Ayesha Abed Library
|j General shelf
|
| 999 |
|
|
|c 3390
|d 3390
|
| 952 |
|
|
|0 0
|1 0
|2 ddc
|4 0
|6 519_402855130000000_VAS_2000
|7 0
|9 3078
|a BRACUL
|b BRACUL
|c GEN
|d 2009-08-31
|g 0.00
|l 3
|m 27
|o 519.40285513 VAS
|p 3010011800
|r 2025-10-21
|s 2025-08-14
|t 1
|w 2009-08-31
|y BK
|x No price found in the accession register.
|